000 00436nam a22001457a 4500
020 _a9788178088624
040 _cNUST
082 _a004 SWA
100 _aSwaminatha, Tara M.
_9107520
110 _aElden, Charles R.
_9112175
245 _aWireless Security and Privacy;
_bBest Practices and Design Techniques
260 _aNew Dehli;
_bPearson Education,
_c2003.
650 _aWireless Security and Privacy
_9112328
942 _2ddc
_cBK
999 _c594696
_d594696